Normal view
MARC view
Entry Nombre geográfico
001 - NÚMERO DE CONTROL
- campo de control: 76953
003 - IDENTIFICADOR DEL NÚMERO DE CONTROL
- campo de control: BNPHU
005 - FECHA Y HORA DE LA ÚLTIMA TRANSACCIÓN
- campo de control: 20240619101431.0
008 - DATOS DE LONGITUD FIJA
- campo de control de longitud fija: 201016|| aca||aabn | a|a d
040 ## - FUENTE DE LA CATALOGACIÓN
- Centro catalogador/agencia de origen: DO-SdBNP
- Lengua de catalogación: spa
- Centro/agencia transcriptor: BNPHU
- Normas de descripción: spa
151 ## - ENCABEZAMIENTO--NOMBRE GEOGRÁFICO
- Nombre geográfico: Samaná (República Dominicana : Provincia)
451 ## - TRAZADO DE VÉASE--NOMBRE GEOGRÁFICO
- Nombre geográfico: Samaná (Republica Dominicana)
670 ## - FUENTE DE DATOS ENCONTRADOS
- Cita de la fuente: Work cat.: (OSt)33832: Krieger, Herbert W. (Herbert William), 1889. 59764, Archeological and historical investigations in Samaná Dominican Republic /, 1929.
670 ## - FUENTE DE DATOS ENCONTRADOS
- Cita de la fuente: Simó, D.R. La situación del empleo en Samaná, 1983
670 ## - FUENTE DE DATOS ENCONTRADOS
- Cita de la fuente: Plan des environs du Port Napoléon dans la Baye de Samana depuis la Baye de las Cañitas Jusqu’ a la Pointe á Mangle, 1807?
670 ## - FUENTE DE DATOS ENCONTRADOS
- Identificador Uniforme del Recurso: https://authorities.loc.gov/cgi-bin/Pwebrecon.cgi?AuthRecID=5656514&v1=1&HC=1&SEQ=20240619101020&PID=PfX3J9z6uUeMhApChvvLVYY9IMT9 Consultado en 19 de junio, 2024
781 ## - ENTRADA DE ENLACE DE SUBDIVISIÓN--SUBDIVISIÓN GEOGRÁFICA
- Subdivisión geográfica: Republica Dominicana
- Subdivisión geográfica: Santa Bárbara de Samaná
